header

Accelerated aging of materials and structures (Record no. 44525)

MARC details
000 -LEADER
fixed length control field 01644nam a2200313Ia 4500
082 04 - DEWEY DECIMAL CLASSIFICATION NUMBER
Classification number 620.11223
245 00 - TITLE STATEMENT
Title Accelerated aging of materials and structures
260 ## - PUBLICATION, DISTRIBUTION, ETC. (IMPRINT)
Place of publication Washington, D.C. :
Name of publisher National Academy Press,
Year of publication 1996.
300 ## - PHYSICAL DESCRIPTION
Number of Pages xi, 53 p. :
Other physical details ill.
490 1# - SERIES STATEMENT
Series statement Publication NMAB ;
650 #0 - SUBJECT ADDED ENTRY--TOPICAL TERM
Topical Term Metallic composites.
Topical Term Materials
Topical Term Airplanes
856 40 - ELECTRONIC LOCATION AND ACCESS
Uniform Resource Identifier http://site.ebrary.com/lib/rucke/Doc?id=10072146

No items available.

© 2026 Rongo University
Contact us: librarian | system librarian | Rongo university